Postavenie ekonomiky Francúzska v rámci Európskej únie bakalárska práca

Guardado en:
Detalles Bibliográficos
Autor principal: Mikuláková, Petra
Autor Corporativo: Fakulta medzinárodných vzťahov EU. Katedra medzinárodných ekonomických vzťahov a hospodárskej diplomacie
Otros Autores: Karas, Martin, 1991-
Formato: Libro
Lenguaje:eslovaco
Publicado: Bratislava 2018
Etiquetas: Agregar Etiqueta
Sin Etiquetas, Sea el primero en etiquetar este registro!

MARC

LEADER 00000nbm a2200000 4500
001 0244517
005 20180810103318.8
041 0 |a slo 
044 |a SK 
245 1 0 |a Postavenie ekonomiky Francúzska v rámci Európskej únie  |b bakalárska práca  |c Petra Mikuláková ; školiteľ: Martin Karas 
264 1 |a Bratislava  |c 2018 
300 |a 51 s. 
100 1 |a Mikuláková, Petra 
700 1 |a Karas, Martin, 1991- 
710 2 |a Fakulta medzinárodných vzťahov EU. Katedra medzinárodných ekonomických vzťahov a hospodárskej diplomacie